000 00646nam a2200217 a 4500
001 BRCA_5227
005 20190320205007.0
008 261110s1969----fr-a######---#000-0#fre-#
041 _afre
044 _afr
050 4 _aNK4290
_b.C87 1969
100 1 _aCurtil, Henri
_913386
245 1 0 _aMarques et signatures de la faïence française
_cpar Henri Curtil.
260 _aParís
_bCharles Massin
_cc1969
300 _a152 p.
_bil., 1 mapa
_c25 cm.
500 _aIncluye índice de producción
500 _aDonación Dr. Héctor Rivero Borrell Vázquez
650 1 4 _aLoza francesa
_xMarcas y firmas
_913387
902 _aDHR
942 _2lcc
_cB
999 _c4921
_d4921